000 00299nam a22001337a 4500
008 181121b xxu||||| |||| 00| 0 eng d
020 _a0669093254
041 _aeng
080 _a510
100 _a39
101 _aMAT
245 _aContemporary Abstract Algebra
_cGallian.J.A
942 _2udc
_cBK
999 _c52274
_d52274